| 000 | 00963nam a2200241 i 4500 | ||
|---|---|---|---|
| 001 | 38034 | ||
| 003 | ES-MaACL | ||
| 005 | 20260301175639.0 | ||
| 007 | t| | ||
| 008 | 030224s1858 sp ||||1| spa d | ||
| 080 | _a821.134.2-82"18" | ||
| 100 | 1 |
_aCabanyes, Manuel de ( _d1808-1833) _933152 |
|
| 245 | 1 | 0 | _aProducciones escogidas de D. Manuel de Cabanyes. |
| 260 |
_aBarcelona : _bLibrería de Joaquín Verdaguer, _c1858 ( _fHugo de los H. de la V. Pla) |
||
| 300 |
_a258 p. ; _c21 cm. |
||
| 500 | _aIncluye (p. [189]-268): Mirra / tragedia escrita en italiano por Victorio Alfieri ; y traducida al español por Manuel de Cabanyes. | ||
| 530 | _aDisponible también en sitio web. | ||
| 700 | 1 |
_aAlfieri, Vittorio, _d1749-1803 _919840 |
|
| 740 | _aMirra. | ||
| 852 |
_aES-MaACL _jG-6310 |
||
| 856 |
_uhttp://bibliotecadigitalhispanica.bne.es:80/webclient/DeliveryManager?pid=2914676&custom_att_2=simple_viewer _zIr a la página |
||
| 999 |
_c38034 _d38034 |
||